Central Library OPAC University of Rajshahi

State banks for India : (Record no. 3275)

MARC details
000 -LEADER
fixed length control field 00967cam a22002532 4500
001 - CONTROL NUMBER
control field 3275
003 - CONTROL NUMBER IDENTIFIER
rucl marc code UkOxU
005 - DATE AND TIME OF LATEST TRANSACTION
control field 20211208233714.0
008 - FIXED-LENGTH DATA ELEMENTS--GENERAL INFORMATION
fixed length control field 131218s1939 enk 000 0 eng
035 ## - SYSTEM CONTROL NUMBER
System control number OCLC ocm03919547 from D960826M
040 ## - CATALOGING SOURCE
Original cataloging agency DLC
Transcribing agency HDC
Modifying agency EQO
Language of cataloging eng
041 ## - LANGUAGE CODE
Language code of text/sound track or separate title eng
082 ## - DEWEY DECIMAL CLASSIFICATION NUMBER
Classification number 332.1
Author mark and year QUS
100 1# - MAIN ENTRY--PERSONAL NAME
Personal name Qureshi, Anwar Iqbal.
9 (RLIN) 9804
245 10 - TITLE STATEMENT
Title State banks for India :
Remainder of title being a study of state banks and land mortgage credit institutions in Australia, New Zealand, South Africa and the United States of America, with suggestions for establishing similar banks in India /
Statement of responsibility, etc. by Anwar Iqbal Qureshi, with an introduction by Professor A. G. B. Fisher.
260 ## - PUBLICATION, DISTRIBUTION, ETC. (IMPRINT)
Place of publication, distribution, etc. London :
Name of publisher, distributor, etc. McMillan and Co., limited,
Date of publication, distribution, etc. 1939.
300 ## - PHYSICAL DESCRIPTION
Pagination viii, 248 p.
Size 22 cm.
650 #0 - SUBJECT ADDED ENTRY--TOPICAL TERM
Topical term or geographic name as entry element Banks and banking.
9 (RLIN) 10341
Topical term or geographic name as entry element Banks and banking
Geographic subdivision India.
9 (RLIN) 9960
Topical term or geographic name as entry element Agricultural credit.
9 (RLIN) 10342
942 ## - ADDED ENTRY ELEMENTS (KOHA)
Source of classification or shelving scheme Dewey Decimal Classification
Koha item type Books
Holdings
Lost status Source of classification or shelving scheme Damaged status Not for loan Collection code Permanent Location Current Location Shelving location Date acquired Total Checkouts Full call number Date last seen Copy number Koha item type
  Dewey Decimal Classification     Non-fiction Central Library, University of Rajshahi Central Library, University of Rajshahi Reading Room 18/12/2013   332.1 QUS 1939 18/12/2013 C-1 Books